000 00798nam a2200253Ia 4500
003 OSt
005 20220923222316.0
006 a|||||r|||| 00| 0
007 ta
008 220922b |||||||| |||| 00| 0 guj d
024 _a204,450
037 _cTextual
040 _aARTS
_cARTS
_bguj
041 _2guj
_aguj
082 _aO156,3M92,KO, 152M3
100 _aदेसाई, रमणलाल बंसतलाल
_9162081
245 0 _aकोकिला
246 _aKokilā
260 _aदिल्ली
_b किताबघर
_c1983
300 _a124पृ0
_ccm.
650 _aगुजराती साहित्य
942 _hO156,3M92,KO, 152M3
_cTEXL
_2CC
999 _c355199
_d355199